000
00268nam a22001337a 4500
082
_a
894.812.3
_b
UNN/K
100
_a
UNNI, LEKHA
245
_a
KUNHI
250
_a
FIRST
260
_a
KANNUR
_b
PAYAL BOOKS
_c
2022
300
_a
80
650
_a
STORY
_z
KERALA
942
_c
BK
999
_c
1608
_d
1608